000 01578nam a2200361 a 4500
001 ebr10671512
003 CaPaEBR
006 m u
007 cr cn|||||||||
008 100910s2011 enkabf sb 001 0 eng d
010 _z 2010038378
020 _z9781848211926
020 _z9781118622667 (e-book)
040 _aCaPaEBR
_cCaPaEBR
035 _a(OCoLC)841168697
050 1 4 _aG70
_b.B825 2011eb
082 0 4 _a910
_222
100 1 _aBrunet, Roger,
_d1931-
245 1 0 _aSustainable geography
_h[electronic resource] /
_cRoger Brunet.
260 _aLondon :
_bISTE ;
_aHoboken, N.J. :
_bWiley,
_c2011.
300 _axxvi, 393 p., [8] p. of col. plates :
_bill. (some col.), maps.
490 1 _aGeographical Information systems series
504 _aIncludes bibliographical references and index.
505 0 _apt. 1. Geographical space production : systems and laws -- pt. 2. Broken space -- pt. 3. Models and chorematics -- pt. 4. Scales of globalization and moving Europe -- pt. 5. Geography into the city prospects.
533 _aElectronic reproduction.
_bPalo Alto, Calif. :
_cebrary,
_d2013.
_nAvailable via World Wide Web.
_nAccess may be limited to ebrary affiliated libraries.
650 0 _aGeography
_xPhilosophy.
650 0 _aGeographical perception.
650 0 _aHuman geography.
655 7 _aElectronic books.
_2local
710 2 _aebrary, Inc.
830 0 _aGeographical Information systems series.
856 4 0 _uhttp://site.ebrary.com/lib/rucke/Doc?id=10671512
_zAn electronic book accessible through the World Wide Web; click to view
999 _c62883
_d62883